150 thuật ngữ văn học

Spremljeno u:
Bibliografski detalji
Glavni autor: Lại, Nguyên Ân
Format: Knjiga
Jezik:Undetermined
Izdano: Hà Nội Đại Học Quốc Gia Hà Nội 1999
Teme:
Oznake: Dodaj oznaku
Bez oznaka, Budi prvi tko označuje ovaj zapis!
Thư viện lưu trữ: Trung tâm Học liệu Trường Đại học Cần Thơ
LEADER 00613nam a2200217Ia 4500
001 CTU_74056
008 210402s9999 xx 000 0 und d
020 |b 45000 
020 |c 30000 
082 |a 808 
082 |b Â121 
100 |a Lại, Nguyên Ân 
245 0 |a 150 thuật ngữ văn học 
245 0 |c Lại Nguyên Ân biên soạn 
260 |a Hà Nội 
260 |b Đại Học Quốc Gia Hà Nội 
260 |c 1999 
650 |a Rhetoric,Vietnamese literature 
650 |x Terminology 
904 |i Nguyên 
980 |a Trung tâm Học liệu Trường Đại học Cần Thơ